Statistics for Země podle písmene - L

Click here to take the quiz!

General Stats

  • This quiz has been taken 102 times
  • The average score is 7 of 9

Answer Stats

Stát% Correct
Litva
95%
Lotyšsko
93%
Laos
83%
Lucembursko
83%
Libye
71%
Lichtenštejnsko
71%
Lesotho
67%
Libanon
67%
Libérie
64%

Score Distribution

Percentile by Number Answered

Percent of People with Each Score

Your Score History

You have not taken this quiz